What Words Can You Make: Connecticut - Statistics

General Stats
  • This quiz has been taken 38 times
    31 since last reset
  • The average score is 25 of 115
Answer Stats
Letters Answer % Correct
3 Con
100%
3 Cut
96%
4 Conn
93%
7 Connect
89%
3 Ten
67%
4 Cute
63%
3 Net
63%
3 Tin
63%
3 Ton
63%
5 Tonne
63%
3 Nit
59%
3 Tic
59%
4 Cone
56%
4 Tone
56%
4 Cent
52%
3 Cot
52%
3 Not
48%
3 Nut
48%
3 Tun
48%
4 Tent
44%
4 Tine
44%
3 Tit
41%
4 Cite
37%
4 Nite
37%
4 None
37%
3 One
37%
3 Tie
37%
4 Nice
33%
4 Note
33%
3 Tec
33%
4 Tune
33%
4 Cote
30%
4 Cine
26%
4 Coin
26%
5 Count
26%
4 Once
26%
3 Toe
26%
5 Conte
22%
4 Nine
22%
8 Continue
19%
3 Eco
19%
3 Ice
19%
4 Icon
19%
3 Inn
19%
6 Notice
19%
3 Nun
19%
3 Out
19%
5 Tonic
19%
4 Unit
19%
4 Coni
15%
7 Content
15%
3 Cue
15%
4 Into
15%
3 Ion
15%
5 Nonce
15%
5 Ounce
15%
3 Tot
15%
4 Tote
15%
5 Tunic
15%
3 Tut
15%
3 Ute
15%
5 Conic
11%
5 Cutin
11%
6 Intent
11%
4 Neon
11%
4 Noun
11%
4 Tint
11%
7 Concent
7%
5 Cutie
7%
3 Eon
7%
6 Incent
7%
6 Intone
7%
3 Tet
7%
4 Tout
7%
3 Tui
7%
5 Unite
7%
5 Untie
7%
4 Unto
7%
5 Cento
4%
5 Centu
4%
4 Cion
4%
5 Cocci
4%
7 Conceit
4%
5 Conin
4%
3 Ecu
4%
5 Ennui
4%
4 Etic
4%
4 Nett
4%
6 Nocent
4%
5 Nonet
4%
4 Noni
4%
5 Octet
4%
5 Tenno
4%
4 Toit
4%
4 Unci
4%
4 Unco
4%
5 Union
4%
6 Conine
0%
5 Cunit
0%
4 Etui
0%
5 Niton
0%
6 Noetic
0%
6 Nuncio
0%
5 Oncet
0%
5 Ontic
0%
4 Otic
0%
8 Tectonic
0%
4 Tein
0%
5 Tenon
0%
6 Tenuti
0%
6 Tenuto
0%
5 Tinct
0%
7 Tonetic
0%
7 Tontine
0%
7 Unction
0%
No matching quizzes found
Score Distribution
Percent of People with Each Score
Percentile by Number Answered
Your Score History
You have not taken this quiz since the last reset